01447nam a22003377a 4500003000500000005001700005008004100022020001900063041001200082082002200094100002200116245011600138250001300254260003600267300003600303440004400339500005800383505011500441520010800556650002500664650003600689650003000725650002600755700002100781250004600802490005800848504005100906700001600957830004500973856009101018CUTN20200914151602.0200909b ||||| |||| 00| 0 eng d a9780444520630  aEnglish00a616.9101222bKRU aKrueger, Gerhard.00aHuman herpesvirus-6 :bgeneral virology, epidemiology and clinical pathology /cGerhard Krueger & Dharm Ablash. a2nd ed.  aAmsterdam : bElsevier,cc2006. axvi, 376 p. : bill. ; c25 cm. aPerspectives in medical virology ; v12 aAblashi's name appears first on the earlier edition.  t1. General Virologyt2. Diagnosis and Epidemiologyt3. Clinical Pathologyt4. New Approaches to HIV-6 Research a The most comprehensive review available of all aspects of HHV-6 combining basic and clinical science. 0aHuman herpesvirus-6. 0aHuman herpesvirus-6 infections.12aHerpesviridae Infections.12aHerpesvirus 6, Human.1 aAblashi, Dharam. beditors, Gerhard Krueger, Dharam Ablashi.1 aPerspectives in medical virology,x0168-7069 ;vv. 12 aIncludes bibliographical references and index.1 q(Dharam V.) 0aPerspectives in medical virology,vv. 12423Publisher descriptionuhttp://www.loc.gov/catdir/enhancements/fy0634/2006042524-d.html